000
00327nam a2200145Ia 4500
100
_a
Mahambare/Gangadhar
650
_a
Electrical Engineering
942
_c
RB
654
_a
Laghuadyog
245
_a
Electronic Udyog Vyavasaya
260
_b
Indrayani Sahitya
_a
Pune
_c
1994
300
_a
88
546
_a
ENGLISH
999
_c
32444
_d
32444